Statistics for Top 25 Countries by Population

Click here to take the quiz!

General Stats

  • This quiz has been taken 43 times
  • The average score is 21 of 25

Answer Stats

Answer% Correct
China
100%
India
100%
Russia
100%
Pakistan
98%
Mexico
95%
United States
95%
Japan
93%
United Kingdom
93%
Brazil
90%
France
90%
Germany
90%
Nigeria
88%
Indonesia
83%
Turkey
83%
Italy
80%
Egypt
78%
Bangladesh
75%
Iran
73%
Thailand
73%
South Africa
70%
DR Congo
68%
Philippines
68%
Vietnam
65%
Ethiopia
60%
Tanzania
55%

Score Distribution

Percentile by Number Answered

Percent of People with Each Score

Your Score History

You have not taken this quiz